| 000 | 01684nam0a2200373 4500 | ||
|---|---|---|---|
| 001 | RU\NLR\bibl\141909 | ||
| 005 | 20260409075912.0 | ||
| 010 |
_a5-88753-039-1 _97000 |
||
| 021 |
_aRU _b2000-49920 _92304 |
||
| 035 | _a(NLR Aleph) 000139022 | ||
| 090 |
_a795321 _c795321 |
||
| 100 | _a20010322d2000 |||y0rusy50 ca | ||
| 101 | 0 | _arus | |
| 102 | _aRU | ||
| 105 | _ac ||||||||| | ||
| 200 | 1 |
_aТехнология личностно-ориентированного образования _fИ.С. Якиманская _gОтв. ред. к.п.н. М.А. Ушакова |
|
| 210 |
_aМ. _cСентябрь _d2000 |
||
| 215 |
_a175 с. _cпортр. _d20 |
||
| 225 | 1 |
_aБиблиотека журнала "Директор школы" _vВып. N 7 |
|
| 300 | _aНа с. 2 авт.: Ираида Сергеевна Якиманская, д.психол.н., проф., действ. чл. Междунар. пед. акад. | ||
| 320 | _aБиблиогр.: с. 172-175 | ||
| 320 | _aДр. работы авт.: с. 2 | ||
| 606 | 0 |
_aШкола _xМетодика преподавания _91148285 _3RU\NLR\auth\66139671 |
|
| 606 |
_aШколы _xПреподавание _3RU\NLR\auth\661546246 _92609688 |
||
| 606 | 0 |
_aШкольники _xОбучение _xПсихологические основы _92099432 _3RU\NLR\auth\661269904 |
|
| 686 | _aЧ421.21 | ||
| 686 | _aЮ984.030.2-2 | ||
| 700 | 1 |
_4070 _aЯкиманская _bИ. С. _cд-р психол. наук _f1931- _gИраида Сергеевна _9167597 _3RU\NLR\AUTH\770167644 |
|
| 801 | 0 |
_aRU _bNLR _c20010322 _gPSBO |
|
| 801 | 1 |
_aRU _bNLR _c20010322 |
|
| 942 | _cBOOK | ||
| 980 | _aNB | ||